|
|
|
|
| LEADER |
02022nam a2200457 a 4500 |
| 001 |
EBC1679759 |
| 003 |
MiAaPQ |
| 005 |
20200520144314.0 |
| 006 |
m o d | |
| 007 |
cr cn||||||||| |
| 008 |
100504s2009 si a sb 101 0 eng d |
| 010 |
|
|
|z 2010278991
|
| 020 |
|
|
|z 9789814280471
|
| 020 |
|
|
|z 981428047X
|
| 020 |
|
|
|a 9789814280488 (electronic bk.)
|
| 035 |
|
|
|a (MiAaPQ)EBC1679759
|
| 035 |
|
|
|a (Au-PeEL)EBL1679759
|
| 035 |
|
|
|a (CaPaEBR)ebr10422177
|
| 035 |
|
|
|a (CaONFJC)MIL276117
|
| 035 |
|
|
|a (OCoLC)729020567
|
| 040 |
|
|
|a MiAaPQ
|c MiAaPQ
|d MiAaPQ
|
| 050 |
|
4 |
|a HB3722
|b .I58 2009
|
| 111 |
2 |
|
|a International Banking and Finance Conference
|n (11th :
|d 2008 :
|c Federal Reserve Bank of Chicago)
|
| 245 |
1 |
4 |
|a The first credit market turmoil of the 21st century
|h [electronic resource] /
|c edited by Douglas D. Evanoff, Philipp Hartmann, George G. Kaufman.
|
| 260 |
|
|
|a Singapore ;
|a Hackensack, N.J. :
|b World Scientific,
|c c2009.
|
| 300 |
|
|
|a xi, 391 p. :
|b ill.
|
| 490 |
1 |
|
|a World Scientific studies in international economics,
|x 1793-3641 ;
|v v. 10
|
| 500 |
|
|
|a Papers from Federal Reserve Bank of Chicago's 11th Annual International Banking Conference, 25-26 September 2008.
|
| 504 |
|
|
|a Includes bibliographical references and index.
|
| 533 |
|
|
|a Electronic reproduction. Ann Arbor, MI : ProQuest, 2015. Available via World Wide Web. Access may be limited to ProQuest affiliated libraries.
|
| 650 |
|
0 |
|a Global Financial Crisis, 2008-2009
|v Congresses.
|
| 650 |
|
0 |
|a Credit control
|x History
|y 21st century
|v Congresses.
|
| 650 |
|
0 |
|a International finance
|v Congresses.
|
| 655 |
|
4 |
|a Electronic books.
|
| 700 |
1 |
|
|a Evanoff, Douglas Darrell,
|d 1951-
|
| 700 |
1 |
|
|a Hartmann, Philipp,
|d 1969-
|
| 700 |
1 |
|
|a Kaufman, George G.
|
| 710 |
2 |
|
|a Federal Reserve Bank of Chicago.
|
| 710 |
2 |
|
|a ProQuest (Firm)
|
| 830 |
|
0 |
|a World Scientific studies in international economics ;
|v v. 10.
|
| 856 |
4 |
0 |
|u https://ebookcentral.proquest.com/lib/matrademy/detail.action?docID=1679759
|z Click to View
|